| 000 | 00456nam a2200169 4500 | ||
|---|---|---|---|
| 003 | CO-ViMGA | ||
| 020 | _a9500419572 | ||
| 040 |
_aCO-ViMGA _bspa _cCO-ViMGA |
||
| 082 | 0 | 4 |
_a823.91 _bR685p |
| 100 | 1 |
_aRowling.J.K. _913614 |
|
| 245 | 1 | 0 |
_aHarry potter y la Piedra Filosofal _cRowling.J.K. |
| 260 |
_aBuenos Aires _bEmece _c1999 |
||
| 300 |
_a256 paginas _b22 cm |
||
| 490 | _aemece juvenil | ||
| 650 | 1 | 4 |
_aNarrativa Juvenil Britanica _913615 |
| 942 |
_2ddc _cBK |
||
| 999 |
_c37098 _d37098 |
||